Investment Management and Security Analysis (Record no. 16329)

MARC details
000 -LEADER
fixed length control field 00508nam a22001817a 4500
008 - FIXED-LENGTH DATA ELEMENTS--GENERAL INFORMATION
fixed length control field 260408b |||||||| |||| 00| 0 eng d
020 ## - INTERNATIONAL STANDARD BOOK NUMBER
International Standard Book Number 978-93-7212-519-1
Price 150.
040 ## - CATALOGING SOURCE
Original Cataloguing agency Sibsagar Commerce College Central Library
041 ## - LANGUAGE CODE
Language code of text/sound track or separate title English
082 ## - DEWEY DECIMAL CLASSIFICATION NUMBER
Classification number 332.6
Book Number GOG.
100 ## - MAIN ENTRY--PERSONAL NAME
Personal name Gogoi, Murchana
Dates associated with a name Boruah, Sampreeti
245 ## - TITLE STATEMENT
Title Investment Management and Security Analysis
Statement of responsibility, etc. By Murchana Gogoi.
260 ## - PUBLICATION, DISTRIBUTION, ETC.
Place of publication, distribution, etc. New Delhi:
Name of publisher, distributor, etc. Kalyani Publishers ;
Date of publication, distribution, etc. 2026.
300 ## - PHYSICAL DESCRIPTION
Pages 148p.
650 ## - Subject
Subject Economics
942 ## - ADDED ENTRY ELEMENTS (KOHA)
Source of classification or shelving scheme Dewey Decimal Classification
Koha item type Books
Holdings
Withdrawn status Lost status Source of classification or shelving scheme Damaged status Not for loan Collection code Home library Current library Shelving location Date acquired Source of acquisition Total Checkouts Full call number Barcode Date due Date last seen Date last checked out Copy number Cost, replacement price Price effective from Koha item type
    Dewey Decimal Classification     Economics Sibsagar Commerce College Central Library Sibsagar Commerce College Central Library General Stacks 08/04/2026 Kitap Ghar 1 332.6 GOG. 29118 16/05/2026 28/04/2026 28/04/2026 1 300.00 08/04/2026 Books
    Dewey Decimal Classification     Economics Sibsagar Commerce College Central Library Sibsagar Commerce College Central Library General Stacks 08/04/2026 Kitap Ghar 1 332.6 GOG. 29119 11/05/2026 22/04/2026 22/04/2026 2 300.00 08/04/2026 Books
    Dewey Decimal Classification     Economics Sibsagar Commerce College Central Library Sibsagar Commerce College Central Library General Stacks 08/04/2026 Kitap Ghar 1 332.6 GOG. 29120 16/05/2026 28/04/2026 28/04/2026 3 300.00 08/04/2026 Books
    Dewey Decimal Classification     Economics Sibsagar Commerce College Central Library Sibsagar Commerce College Central Library General Stacks 08/04/2026 Kitap Ghar   332.6 GOG. 29121   08/04/2026   4 300.00 08/04/2026 Books


Sibsagar Commerce College © 2020. All rights reserved.
Powered by Koha.
Hosted by LIBKART.